Essentials of Maternity, Newborn, and Women's Health Nursing / (Record no. 10861)
[ view plain ]
| 000 -LEADER | |
|---|---|
| fixed length control field | 02373cam a22003858a 4500 |
| 001 - CONTROL NUMBER | |
| control field | 15353482 |
| 005 - DATE AND TIME OF LATEST TRANSACTION | |
| control field | 20161222112037.0 |
| 008 - FIXED-LENGTH DATA ELEMENTS--GENERAL INFORMATION | |
| fixed length control field | 080701s2009 pau b 001 0 eng |
| 010 ## - LIBRARY OF CONGRESS CONTROL NUMBER | |
| LC control number | 2008029332 |
| 020 ## - INTERNATIONAL STANDARD BOOK NUMBER | |
| International Standard Book Number | 9780781787222 (cloth : alk. paper) |
| 020 ## - INTERNATIONAL STANDARD BOOK NUMBER | |
| International Standard Book Number | 078178722x |
| 035 ## - SYSTEM CONTROL NUMBER | |
| System control number | (DNLM)101477902 |
| 040 ## - CATALOGING SOURCE | |
| Original cataloging agency | DNLM/DLC |
| Transcribing agency | DLC |
| 042 ## - AUTHENTICATION CODE | |
| Authentication code | pcc |
| 050 00 - LIBRARY OF CONGRESS CALL NUMBER | |
| Classification number | RG951 |
| Item number | .R53 2009 |
| 060 10 - NATIONAL LIBRARY OF MEDICINE CALL NUMBER | |
| Classification number | WY 157.3 |
| Item number | R491e 2009 |
| 082 00 - DEWEY DECIMAL CLASSIFICATION NUMBER | |
| Classification number | 618.20231 |
| Edition number | 22 |
| Item number | RIC NR |
| 100 1# - MAIN ENTRY--PERSONAL NAME | |
| Personal name | Ricci, Susan Scott. |
| 9 (RLIN) | 21367 |
| 245 10 - TITLE STATEMENT | |
| Title | Essentials of Maternity, Newborn, and Women's Health Nursing / |
| Statement of responsibility, etc | Susan Scott Ricci. |
| 250 ## - EDITION STATEMENT | |
| Edition statement | 2nd ed. |
| 260 ## - PUBLICATION, DISTRIBUTION, ETC. (IMPRINT) | |
| Place of publication, distribution, etc | Philadelphia : |
| Name of publisher, distributor, etc | Wolters Kluwer Health/Lippincott Williams & Wilkins, |
| Date of publication, distribution, etc | c2009. |
| 263 ## - PROJECTED PUBLICATION DATE | |
| Projected publication date | 1111 |
| 300 ## - PHYSICAL DESCRIPTION | |
| Extent | xxix, 860 p. ; |
| Other physical details | ill. ; |
| Dimensions | 27 cm. |
| 504 ## - BIBLIOGRAPHY, ETC. NOTE | |
| Bibliography, etc | Includes bibliographical references and index. |
| 505 0# - FORMATTED CONTENTS NOTE | |
| Formatted contents note | Perspectives on maternal, newborn, and women's health care -- Family-centered community-based care -- Anatomy and physiology of the reproductive system -- Common reproductive issues -- Sexually transmitted infections -- Disorders of the breasts -- Benign disorders of the female reproductive tract -- Cancers of the female reproductive tract -- Violence and abuse -- Fetal development and genetics -- Maternal adaptation during pregnancy -- |
| 505 0# - FORMATTED CONTENTS NOTE | |
| Formatted contents note | Nursing management during pregnancy -- Labor and birth process -- Nursing management during labor and birth -- Maternal adaptation during the postpartum period -- Nursing management during the postpartum period -- Newborn adaptation -- |
| 505 0# - FORMATTED CONTENTS NOTE | |
| Formatted contents note | Nursing management of the newborn -- Nursing management of pregnancy at risk : pregnancy-related complications -- Nursing management of pregnancy at risk : selected health conditions and vulnerable populations -- Nursing management of labor and birth at risk -- Nursing management of the postpartum woman at risk -- Nursing care of the newborn with special needs -- Nursing management of the newborn at risk : acquired and congenital newborn conditions. |
| 650 #0 - SUBJECT ADDED ENTRY--TOPICAL TERM | |
| Topical term or geographic name as entry element | Maternity nursing. |
| 9 (RLIN) | 21368 |
| 650 12 - SUBJECT ADDED ENTRY--TOPICAL TERM | |
| Topical term or geographic name as entry element | Maternal-Child Nursing. |
| 9 (RLIN) | 21370 |
| 650 22 - SUBJECT ADDED ENTRY--TOPICAL TERM | |
| Topical term or geographic name as entry element | Obstetrical Nursing. |
| 9 (RLIN) | 21371 |
| 650 22 - SUBJECT ADDED ENTRY--TOPICAL TERM | |
| Topical term or geographic name as entry element | Pregnancy Complications |
| General subdivision | nursing. |
| 9 (RLIN) | 21372 |
| 650 #0 - SUBJECT ADDED ENTRY--TOPICAL TERM | |
| 9 (RLIN) | 21369 |
| Topical term or geographic name as entry element | Gynecologic nursing |
| 942 ## - ADDED ENTRY ELEMENTS (KOHA) | |
| Source of classification or shelving scheme | Dewey Decimal Classification |
| Item type | NB - Book (Non borrowing) |
| Withdrawn status | Item status | Source of classification or shelving scheme | Damaged status | Not for loan | Vendor | Home library | Current library | Shelving location | Date acquired | Cost, normal purchase price | Serial Enumeration / chronology | Total Checkouts | Total Renewals | Full call number | Barcode | Date last seen | Date last borrowed | Koha item type | Source of acquisition |
|---|---|---|---|---|---|---|---|---|---|---|---|---|---|---|---|---|---|---|---|
| Dewey Decimal Classification | Alahram | Central Library | Central Library | First floor | 17/02/2009 | 392.00 | 379 | 28 | 34 | 618.20231 RIC NR | 000014875 | 15/07/2025 | 30/09/2013 | NB - Book (Non borrowing) | |||||
| Dewey Decimal Classification | Alahram | Central Library | Central Library | First floor | 31/03/2009 | 11 | 1 | 618.20231 RIC | 000043563 | 24/08/2022 | 16/10/2011 | CD | DVD - With book | Purchase |